| 000 | 00376cam a2200157ua 4500 | ||
|---|---|---|---|
| 041 |
_aeng _h |
||
| 082 |
_a828.09 _bFIC/CH |
||
| 100 | _aFielding, K J . | ||
| 245 |
_aCharles Dickens / _cK J Fielding. _hTextual Documents |
||
| 250 |
_a1 / _b. |
||
| 260 |
_aLondon : _bLongman Green and Co , _c1963. |
||
| 300 | _a52 ; . | ||
| 504 | _a | ||
| 942 | _cBK | ||
| 999 |
_c7002 _d7002 |
||